Music Quiz

Random Music or Artist Quiz

Most Video Music Awards (Indiv. Videos) Quiz Stats

 Plays Quiz Updated Feb 24, 2019

Score 0/24 Timer 06:00
0 Plays Today
Artist (# of awards) Video (Song) % Correct
a-ha (7)Take on Me
66.7%
R.E.M. (6)Losing My Religion
61.9%
TLC (4)Waterfalls
61.9%
Outkast (4)Hey Ya!
60%
Weezer (4)Buddy Holly
49.5%
Pearl Jam (4)Jeremy
48.7%
Peter Gabriel (9)Sledgehammer
44.4%
Green Day (6)Boulevard of Broken Dreams
37.8%
Jamiroquai (4)Virtual Insanity
34.3%
Paula Abdul (4)Straight Up
30.4%
Don Henley (4)The Boys of Summer
30.2%
R.E.M. (4)Everybody Hurts
28.8%
Artist (# of awards) Video (Song) % Correct
Kendrick Lamar (6)HUMBLE
27.2%
Smashing Pumpkins (6)Tonight, Tonight
26.9%
Jay-Z (4)99 Problems
26.3%
Lauryn Hill (4)Doo Wop (That Thing)
22.9%
Madonna (5)Ray of Light
21.4%
Fatboy Slim (6)Weapon of Choice
19%
Eminem (4)Without Me
17.3%
Lady Gaga (7)Bad Romance
16.1%
'N Sync (4)Pop
15.7%
INXS (5)Need You Tonight/Mediate
15.3%
Beyoncé (6)Formation
13%
Herbie Hancock (5)Rockit
12%

You're not logged in!

Compare scores with friends on all Sporcle quizzes.
OR
Log In

Sporcle TV

Today on Sporcle TV


Watch our educational content, quiz creation guides, and fun videos on Sporcle TV.

Show Comments

Extras

Top Quizzes Today


Score Distribution

Your Account Isn't Verified!

In order to create a playlist on Sporcle, you need to verify the email address you used during registration. Go to your Sporcle Settings to finish the process.

Report this User

Report this user for behavior that violates our Community Guidelines.

Details: